| 000 | 01074nam a2200301 i 4500 | ||
|---|---|---|---|
| 001 | 768714001 | ||
| 003 | CO-MdFUSB | ||
| 005 | 20210728115558.0 | ||
| 007 | ta | ||
| 008 | 210728t1985 ck |||| |||| 00| 0 spa d | ||
| 020 | _a[No incluye ISBN] | ||
| 040 |
_aCO-MdFUSB _bspa _cCO-MdFUSB _dCO-MdFUSBC _erda |
||
| 041 | _apor | ||
| 082 |
_223 _a262 _bD686 |
||
| 100 |
_aDonner, Theo G. _eautor |
||
| 245 | 1 | 3 |
_aLa iglesia en la historia : _bdesafío y compromiso _c/ Theo G. Donner |
| 264 | 1 |
_aColombia : _bFundación Universitaria Seminario Bíblico de Colombia, _c[1985] |
|
| 264 | 4 | _c© 1985 | |
| 300 |
_a126 páginas _c; 23 cm |
||
| 336 |
_2rdacontent _atexto _btxt |
||
| 337 |
_2rdamedia _asin mediación _bn |
||
| 338 |
_2rdacarrier _avolumen _bnc |
||
| 505 | _aAtenas y Jerusalén. -- El nuevo Moisés. -- Mi conciencia está cautiva de la Palabra de Dios. -- La Biblia y la ley de la No-contradicción. -- El reverendo primer ministro. -- El mundo mayor de edad. | ||
| 563 | _aRústico, argollado | ||
| 653 | _aEclesiología | ||
| 942 | _cP | ||
| 945 | _aJTF-925 | ||
| 999 |
_c66782 _d66782 |
||